| 000 | 00768nam a2200217 a 4500 | ||
|---|---|---|---|
| 001 | 000040735 | ||
| 005 | 20260324115010.0 | ||
| 008 | 130905s2013 xxucd 000 0 spa d | ||
| 040 |
_aDO-SdBNP _bspa _cBNPHU |
||
| 082 |
_a305.23 _bE79m |
||
| 245 | 0 | 0 |
_aEstado mundial de la infancia, 2013 / _ceditado por Abid Aslam. |
| 260 |
_aNueva York : _bUNICEF, _c2013. |
||
| 300 |
_a2v. _a25 p. : _bretr., diag. ; _c28 cm. |
||
| 505 | 0 |
_gv.1-- _tInforme final _gv.2-- _tresumen ejecutivo |
|
| 650 | 0 |
_aNiños _xSalud e higiene _967134 |
|
| 650 | 0 |
_aBienestar infantil _937212 |
|
| 650 | 0 |
_aNiños -- _xCondiciones sociales _967135 |
|
| 700 | 1 | 2 |
_aAslam, Abid _eed. _967136 |
| 710 |
_aFondo de las Naciones Unidas para la Infancia _99270 |
||
| 910 | _aValidado. Control de calidad MFF | ||
| 999 |
_c40225 _d40225 |
||